000 00474nam a22001697a 4500
005 20170407104242.0
008 170407b xxu||||| |||| 00| 0 eng d
040 _cPK-LaUMT
082 _a306
_bWIL-I
100 _aول ڈیورانٹ
245 _aانسانی تہزیب کا ارتقاء/
_cول ڈیورانٹ
260 _aلاہور:
_bفکشن ھاوس،
_c2012
300 _a171 ص
546 _aاردو
700 _aتنویر جہاں(مترجم
942 _cBK
999 _c92391
_d92391